MARC details
| 000 -CABECERA |
| campo de control de longitud fija |
02614cam a22003738i 4500 |
| 001 - NÚMERO DE CONTROL |
| campo de control |
10603173 |
| 003 - IDENTIFICADOR DEL NÚMERO DE CONTROL |
| campo de control |
CaAEU |
| 005 - FECHA Y HORA DE LA ÚLTIMA TRANSACCIÓN |
| campo de control |
20251003171102.0 |
| 006 - CÓDIGOS DE INFORMACIÓN DE LONGITUD FIJA--CARACTERÍSTICAS DEL MATERIAL ADICIONAL |
| campo de control de longitud fija |
m o d |
| 007 - CAMPO FIJO DE DESCRIPCIÓN FÍSICA--INFORMACIÓN GENERAL |
| campo de control de longitud fija |
cr cn||||||||| |
| 008 - DATOS DE LONGITUD FIJA--INFORMACIÓN GENERAL |
| campo de control de longitud fija |
241227s2025 nyu ob 001 0 eng |
| 010 ## - NÚMERO DE CONTROL DE LA BIBLIOTECA DEL CONGRESO |
| Número de control de LC |
2024041174 |
| 020 ## - NÚMERO INTERNACIONAL ESTÁNDAR DEL LIBRO |
| Número Internacional Estándar del Libro |
9781032293332 |
| 024 7# - IDENTIFICADOR DE OTROS ESTÁNDARES |
| Número estándar o código |
10.4324/9781003301110 |
| Fuente del número o código |
doi |
| 035 ## - NÚMERO DE CONTROL DEL SISTEMA |
| Número de control de sistema |
on1478007418 |
| 037 ## - FUENTE DE ADQUISICIÓN |
| Número de adquisición |
9781003301110 |
| Fuente del número de adquisición |
Taylor & Francis |
| 039 ## - NIVEL DE CONTROL BIBLIOGRÁFICO Y DETALLES DE CODIFICACIÓN [OBSOLETO] |
| Nivel de reglas en descripción bibliográfica |
exclude |
| 040 ## - FUENTE DE LA CATALOGACIÓN |
| Centro catalogador/agencia de origen |
DLC |
| Lengua de catalogación |
eng |
| Normas de descripción |
rda |
| Centro/agencia transcriptor |
DLC |
| Centro/agencia modificador |
YDX |
| -- |
TYFRS |
| -- |
AEU |
| 041 ## - CÓDIGO DE LENGUA |
| Código de lengua del texto/banda sonora o título independiente |
English |
| 042 ## - CÃDIGO DE AUTENTICACIÃN |
| Código de autenticación |
pcc |
| 050 00 - SIGNATURA TOPOGRÁFICA DE LA BIBLIOTECA DEL CONGRESO |
| Número de clasificación |
HF5429.275 |
| 100 ## - ENTRADA PRINCIPAL--NOMBRE DE PERSONA |
| Nombre de persona |
Boustani, Ghalia |
| Término indicativo de función/relación |
author. |
| URI de un objeto del mundo real |
https://id.oclc.org/worldcat/entity/E39PCjxPvHkWDfWpB83hgpPjkC |
| 9 (RLIN) |
25817 |
| 245 10 - MENCIÓN DE TÍTULO |
| Título |
Understanding pop-up stores through passion and practice |
| Mención de responsabilidad, etc. |
/ Ghalia Boustani. |
| 264 #1 - PRODUCCIÓN, PUBLICACIÓN, DISTRIBUCIÓN, FABRICACIÓN Y COPYRIGHT |
| Producción, publicación, distribución, fabricación y copyright |
New York, NY : |
| Nombre del de productor, editor, distribuidor, fabricante |
Routledge, |
| Fecha de producción, publicación, distribución, fabricación o copyright |
2025. |
| 504 ## - NOTA DE BIBLIOGRAFÍA, ETC. |
| Nota de bibliografía, etc. |
Includes bibliographical references and index. |
| 505 ## - NOTA DE CONTENIDO CON FORMATO |
| Nota de contenido con formato |
Chapter 1: The Evolution of Pop-Up Stores: A World of Potential and Passion — Chapter 2: Pop-Up Store Adoption and Integration in Brand Strategies: A Construction Through Narratives — Chapter 3: The Ins and Outs of Pop-Up Store Development — Chapter 4: Transforming Retail Environments — The Impact of Pop-Up Stores on the Brand-Customer Dynamic in a Volatile Retail Environment — Conclusion — Bibliography. |
| 520 ## - SUMARIO, ETC. |
| Sumario, etc. |
Whether physical or virtual, heritage brand or start-up, pop-up stores are everywhere: this book provides the ‘why, what, and how’ for entrepreneurs and established brands to capitalize on this exciting format.<br/><br/>This book guides readers through the 20-year evolution of pop-up stores, their integration into overarching brand strategies, and the practical ins and outs of pop-up store development, offline or online. Insights from over 90 recent case studies further illuminate the tools that need to be considered and guidelines to be followed for pop-up store success, including distribution, communications strategy, atmospheric design, budgeting, events, and legal considerations.<br/><br/>Brand managers, consultants, retail professionals, and retail marketing and management students will benefit from this engaging and reliable guide, learning that behind pop-up stores’ sparkly and ephemeral image lies the utmost attention to detail. |
| Fuente proveedora |
Provided by publisher. |
| 588 ## - NOTA DE FUENTE DE LA DESCRIPCIÓN |
| Nota de fuente de la descripción |
Description based on print version record and CIP data provided by publisher; resource not viewed. |
| 650 #0 - PUNTO DE ACCESO ADICIONAL DE MATERIA--TÉRMINO DE MATERIA |
| Término de materia o nombre geográfico como elemento de entrada |
New business enterprises |
| 9 (RLIN) |
2621 |
| 650 #0 - PUNTO DE ACCESO ADICIONAL DE MATERIA--TÉRMINO DE MATERIA |
| Término de materia o nombre geográfico como elemento de entrada |
Retail trade |
| Subdivisión general |
Seasonal variations. |
| 650 #0 - PUNTO DE ACCESO ADICIONAL DE MATERIA--TÉRMINO DE MATERIA |
| Término de materia o nombre geográfico como elemento de entrada |
Small business marketing |
| 9 (RLIN) |
1837 |
| 650 #0 - PUNTO DE ACCESO ADICIONAL DE MATERIA--TÉRMINO DE MATERIA |
| Término de materia o nombre geográfico como elemento de entrada |
Store location. |
| 9 (RLIN) |
25818 |
| 942 ## - ELEMENTOS DE ENTRADA AGREGADA (KOHA) |
| Fuente del sistema de clasificación o colocación |
Clasificación de Library of Congress |